Mireya: poema provenzal
Saved in:
| Hovedforfatter: | |
|---|---|
| Format: | Bog |
| Sprog: | spansk |
| Udgivet: |
Barcelona
Maucci
1900
|
| Serier: | Biblioteca Arte y Letras
|
| Fag: | |
| Tags: |
Tilføj Tag
Ingen Tags, Vær først til at tagge denne postø!
|
MARC
| LEADER | 00000nam a2200000 a 4500 | ||
|---|---|---|---|
| 001 | UCZ7682 | ||
| 003 | CL-VaPUC | ||
| 008 | 960109e19000000SP |||||||||||||||||spa|d | ||
| 082 | 0 | 4 | |a 861 |b MIS |2 21 |
| 100 | |a Mistral, Frédéric |e autor |q Mistral, Federico |9 352669 | ||
| 245 | 1 | 0 | |a Mireya: poema provenzal |
| 300 | |a 269 p | ||
| 942 | |c BK | ||
| 945 | |d 19960109 00:00:00 |a rleighto | ||
| 260 | |a Barcelona |b Maucci |c 1900 | ||
| 650 | 0 | |a Poesías españolas |9 265100 | |
| 583 | |a last modification |c 19960109 00:00:00 |k Rodrigo Vera | ||
| 490 | 0 | |a Biblioteca Arte y Letras | |
| 999 | |c 243725 |d 243723 | ||
| 952 | |0 0 |1 0 |4 0 |6 861_000000000000000_MIS_1900 |7 0 |8 A |9 257504 |a BIBEDU |b BIBEDU |c ES_NOD |d 2019-11-19 |i 316795K |l 2 |o 861 MIS 1900 |p 316795K |r 2023-09-22 |s 2023-09-22 |w 2019-11-19 |y BK |k LIT | ||